Roma o Milano? - Statistics

Statistiche generali
  • Questo quiz è stato fatto 643 volte
  • Il punteggio medio è 75 su 100
Statistiche sulle risposte
Hint Risposta % Corretto
Si trova più a Nord Milano
89%
Vi è il Colosseo Roma
89%
Ospita il Papa da quasi 2000 anni Roma
89%
È più vicina al Mare Roma
89%
Tutte le strade portano a questa città Roma
89%
Confina con il comune di Assago Milano
88%
È tipico il risotto giallo allo zafferano Milano
88%
Vi si trova il grattacielo più alto d'Italia Milano
88%
La lupa ne è un simbolo Roma
88%
Vi è il Pantheon Roma
88%
Vi è la Fontana di Trevi Roma
88%
Il papa ne è il vescovo Roma
88%
Vi risiede il Presidente della Repubblica Italiana Roma
88%
Non è mai stata capitale d'Italia Milano
87%
Vi è il Teatro alla Scala Milano
87%
Fa parte del Triangolo industriale Milano
87%
Ha più giorni di gelo Milano
87%
Ospita un'altra nazione Roma
87%
Vi si trova la stazione Termini Roma
87%
Si trova in Pianura Padana Milano
86%
Ha come patrono Sant'Ambrogio Milano
86%
Il proprio nome antico era "Mediolanum" Milano
86%
La Madonnina è il simbolo della città Milano
86%
È considerata una delle capitali mondiali della moda Milano
86%
Una squadra locale di calcio ha come colori sociali il nero e l'azzurro Milano
86%
È anche chiamata "Caput Mundi" Roma
86%
Vi si trova il colle Aventino Roma
86%
Ospiterà i Giochi Olimpici invernali 2026 Milano
85%
È stata dominata dagli Asburgo Milano
85%
Vi è Piazza di Spagna Roma
85%
Ha più obelischi Roma
85%
Faceva parte della Repubblica Cisalpina Milano
84%
Vi è la Pinacoteca di Brera Milano
84%
Vi si trova il Castello Sforzesco Milano
84%
Ha ospitato EXPO 2015 Milano
84%
Fu fondata il 21 aprile 753 a..C. secondo la leggenda Roma
84%
Fu dominata dalla famiglia dei Visconti Milano
83%
Ha maggiori precipitazioni annue Milano
83%
Vi si trovano gli studi di Cinecittà Roma
83%
Ha più monumenti patrimonio mondiale dell'UNESCO Roma
83%
Ha più chiese Roma
83%
Vi è lo stadio "Giuseppe Meazza" Milano
82%
Ha il reddito pro capite maggiore Milano
82%
Aveva più di un milione di abitanti nel 150 d.C. Roma
82%
Ha la temperatura media maggiore Roma
82%
Ha più musei Roma
82%
Ha vinto più campionati di calcio Milano
81%
Vi è la galleria Vittorio Emanuele II Milano
81%
Ha registrato la temperatura massima assoluta maggiore Roma
80%
È l'ambientazione della "Storia della colonna infame" di Alessandro Manzoni Milano
79%
È tipica la coda alla vaccinara Roma
79%
Ospita più turisti all'anno Roma
79%
Vi si celebra il rito ambrosiano Milano
78%
Ha ospitato i Giochi olimpici estivi del 1960 Roma
78%
Vi è la sede della Borsa Italiana Milano
77%
Vi si trova il Grande Raccordo Anulare Roma
77%
Fu fondata dai Celti Milano
76%
È divisa in 22 rioni Roma
76%
Vi è l'unica piramide in Italia Roma
76%
Ha un maggior tasso di disoccupazione Roma
75%
Vi è l'Ospedale San Raffaele Milano
74%
È stata uno dei centri più importanti dell'Illuminismo italiano Milano
74%
La propria città metropolitana confina con più province Milano
74%
È il comune più vasto d'Italia Roma
74%
Vi è nato Alberto Sordi Roma
74%
Vi è il Vittoriano Roma
73%
Vi è conservata "L'Ultima Cena" di Leonardo da Vinci Milano
71%
Ha come bandiera la croce di San Giorgio Milano
71%
Ha la metropolitana con la maggior estensione Milano
71%
Ha come giorno festivo il 29 giugno Roma
70%
È attraversata dall'Autostrada A4 Milano
69%
Ha il comune con più abitanti Roma
69%
Ha come prefisso 06 Roma
69%
È più vicina al Mar Adriatico Roma
69%
Ha ospitato la finale del Campionato mondiale di calcio Roma
69%
Vi si svolge l'unico torneo ATP Tour Masters 1000 in Italia Roma
69%
È' più vicina a Firenze Roma
67%
Ha un'altitudine maggiore Milano
66%
Ha più km di piste ciclabili Milano
66%
È attraversata dal fiume Aniene Roma
66%
Vi ha sede la Rai Roma
66%
Vi è la sede la Gazzetta dello Sport Milano
65%
È gemellata con Chicago Milano
64%
È attraversata da uno dei fiumi più lunghi d'Italia Roma
63%
Ha una densità di popolazione maggiore Milano
59%
Vi è la sede del quotidiano "Il Messaggero" Roma
59%
È più vicina ad un altro stato Roma
58%
Si trova più ad Ovest Milano
56%
Fu saccheggiata dai lanzichenecchi nel 1517 Roma
56%
Fu annessa al Regno d'Italia nel 1870 Roma
55%
Vi si trova l'Arco della Pace Milano
52%
Ha un maggior numero di aree verdi Roma
51%
Non ha frazioni Milano
47%
Ha più taxi Roma
47%
È suddivisa in nove municipi Milano
45%
Fu liberata il 25 aprile 1945 Milano
44%
Vi fu fondato il fascismo il 23 marzo 1919 Milano
43%
Aveva più abitanti nel 1900 Milano
39%
Ospita più università Roma
38%
Ha più residenti stranieri Roma
23%
Nessun quiz corrispondente trovato
Distribuzione punteggi
Percentuale di utenti per punteggio
Percentile per numero di risposta
I tuoi punteggi nel tempo
Non hai fatto questo quiz